| 000 | 00719nam a22002057a 4500 | ||
|---|---|---|---|
| 999 |
_c20946 _d20946 |
||
| 003 | AR-CdUCM | ||
| 008 | 190408b ||||| |||| 00| 0 spa d | ||
| 040 |
_aMUNICIPALIDAD PROVINCIAL DEL CUSCO _cBIBLIOTECA MUNICIPAL DEL CUSCO |
||
| 082 |
_aPI / 376.16 / _bR21 |
||
| 245 | _aCartilla infantil de la circulación / | ||
| 260 |
_aEspaña : _bVasco Americano, _c1963. |
||
| 300 |
_bIlustraciones, _c26 cm. |
||
| 505 | _aContenido : Señales internacionales de tráfico -- La acera -- La calzada -- La carretera -- Los juegos... | ||
| 650 |
_aEducación vial _943703 |
||
| 650 |
_aSeñalizaciones _943704 |
||
| 650 |
_aEducación primaria _91561 |
||
| 700 |
_aIbarra, A. _943705 |
||
| 942 |
_2ddc _cLIBROS |
||
| 945 | _arcc | ||